Baebolo : (Record no. 6663)
[ view plain ]
| 000 -LEADER | |
|---|---|
| fixed length control field | 00539cam a22001694a 4500 |
| 001 - CONTROL NUMBER | |
| control field | 12113130 |
| 005 - DATE AND TIME OF LATEST TRANSACTION | |
| control field | 20250625091926.0 |
| 008 - FIXED-LENGTH DATA ELEMENTS--GENERAL INFORMATION | |
| fixed length control field | 000425s1999 gh ab 000 0 nzi |
| 020 ## - INTERNATIONAL STANDARD BOOK NUMBER | |
| International Standard Book Number | 996400012X |
| 050 00 - LIBRARY OF CONGRESS CALL NUMBER | |
| Classification number | BS325 |
| Item number | .N98 1999 |
| 245 10 - TITLE STATEMENT | |
| Title | Baebolo : |
| Remainder of title | anze̳e̳ buluku nwuanza nwuanza. |
| 260 ## - PUBLICATION, DISTRIBUTION, ETC. | |
| Place of publication, distribution, etc. | Accra : |
| Name of publisher, distributor, etc. | Bible Society of Ghana, |
| Date of publication, distribution, etc. | 1999, c1998. |
| 300 ## - PHYSICAL DESCRIPTION | |
| Extent | vi, 1029, 356, [5] p. : |
| Other physical details | ill., maps ; |
| Dimensions | 22 cm. |
| 500 ## - GENERAL NOTE | |
| General note | "The Bible in Nzema. A new translation"--T.p. verso. |
| 710 2# - ADDED ENTRY--CORPORATE NAME | |
| Corporate name or jurisdiction name as entry element | Bible Society of Ghana. |
| 942 ## - ADDED ENTRY ELEMENTS (KOHA) | |
| Source of classification or shelving scheme | Library of Congress Classification |
| Koha item type | Books |
| Suppress in OPAC | No |
| 999 ## - | |
| -- | 6663 |
| -- | 6663 |
| Withdrawn status | Lost status | Source of classification or shelving scheme | Damaged status | Not for loan | Collection | Home library | Current library | Shelving location | Date acquired | Total checkouts | Full call number | Barcode | Date last seen | Copy number | Price effective from | Koha item type |
|---|---|---|---|---|---|---|---|---|---|---|---|---|---|---|---|---|
| Library of Congress Classification | Reference | Undergraduate Library (Christ Temple) | Undergraduate Library (Christ Temple) | General stacks | 06/25/2025 | BS325.N97 BAE | ulct00003493 | 06/25/2025 | 1 | 06/25/2025 | Books |